=LDR 00000nam 2200000 4500 =001 INLIS000000000000972 =005 20200908081941 =035 ##$$a 0010-061300000000972 =008 200908################g##########0#ind## =041 ##$$a Ind =082 ##$$a 302.2 =090 ##$$a 302.2, Goo-p =100 1#$$a Goodall, H.Lloyd =245 1#$$a Presentasi persuasif, Pedoman praktis untuk komunikasi profesional dalam organisasi, /$c H.Lloyd Goodall; penerjemah Ya'kub Suyuti =260 ##$$a Jakarta :$b Gaya Media Pratama,$c 1995 =300 ##$$a xiii, 340 hlm, : $b ilus ; $c 14 x 21 cm =650 #4$$a Komunikasi =700 #$$a Suyuti, Ya'kub =850 ##$$a NBPNMAT =084 ##$$a 302.2 GOO p =250 ##$$a cet. 1 =990 ##$$a DW99002287 =990 ##$$a 1199500431 =990 ##$$a 81.688/pb-95 =990 ##$$a DW99002287